Statistics for Mountains by Picture

Click here to take the quiz!

General Stats

  • This quiz has been taken 233 times
  • The average score is 8 of 12

Answer Stats

Answer% Correct
Mount Kilimanjaro
96%
Denali
88%
Matterhorn
88%
Mont Blanc
81%
Mount Everest
79%
Mount Fuji
76%
Table Mountain
72%
Mount Aconcagua
67%
Mount Cook
54%
Mount Elbrus
46%
Grand Teton
29%
Pike's Peak
20%

Score Distribution

Percentile by Number Answered

Percent of People with Each Score

Your Score History

You have not taken this quiz